000 00629nam a2200205Ii 4500
003 JO-AjNU
008 230605s9999||||xx |||||||||||||| ||und||
040 _aJO-AjNU
_bara
_erda
_cJO-AjNU
041 _aara
050 1 4 _aQC21.2.A3552 1985
100 3 _aعمار،احمد شوقي,
_eauthor
_915288
245 0 0 _aخواص المادة
264 3 1 _aبيروت:دار الراتب ،1985
300 _a103ص
336 _atext
_btxt
_2rdacontent
337 _aunmediated
_bn
_2rdamedia
338 _avolume
_bnc
_2rdacarrier
490 0 _aسلسلة الفيزياء الهندسية
650 4 _aخواص المادة
_915289
999 _aA4281
_c7849
_d7849